000 00781nam a2200241 a 4500
001 13332
003 BD-JhCC
005 20230830102520.0
008 230808b20212020bg |||| ||a| 000 0 ben d
020 _a9789846344172
035 _a(BD-JhCC)13332
040 _aBD-JhCC
_dBD-JhCC
041 _aBengali
082 _a891.4435
_bMAH 2021
100 _aমাহবুব, পলাশ
245 _aগুপ্তবাবুর গুপ্তধন /
_cপলাশ মাহবুব।
260 _aঢাকা :
_bপাঞ্জেরী পাবলিকেশন্স লি;
_c২০২১.
300 _a৯৫ পৃ. :
_c২১ সেমি.
490 _aলজিক লাবু-৪
650 _a Bengali short stories
942 _2ddc
_cBK
999 _c13332
_d13332